000 00274nam a22001337a 4500
999 _c166694
_d166694
082 _a
_b
100 _aGopal Singh
245 _aA geography of India/
_cby Gopal Singh.
260 _a
_bAtma Ram,
_c1998.
300 _a568p.
600 _a
650 _a
942 _cBK